| 000 | 00345nam a2200145Ia 4500 | ||
|---|---|---|---|
| 003 | OSt | ||
| 008 | 191201s2017 xx 000 0 und d | ||
| 082 |
_a621.392 _bPAD |
||
| 100 | _aPADMANABHAN, T.R. | ||
| 245 | 0 | _aDesign Through Verilog HDL | |
| 260 |
_aNew Delhi _bWiley India _c2017 |
||
| 300 | _a455 | ||
| 650 | _aB.Tech(ECE) | ||
| 942 |
_2ddc _cBK |
||
| 999 |
_c6739 _d6739 |
||